[Event "Lueneburger Schachfestival GM 2019"]
[Site "Lueneburg"]
[Date "2019.08.07"]
[Round "6.4"]
[White "Pajeken, Jakob Leon"]
[Black "Korley, Kassa"]
[Result "1-0"]
[WhiteElo "2314"]
[BlackElo "2437"]
[Annotator "ChessBase"]
[PlyCount "67"]
[EventDate "2019.08.02"]
[EventType "tourn"]
[EventCountry "GER"]
[SourceTitle "playchess.com"]
[Source "ChessBase"]
[SourceQuality "1"]
[TimeControl "40/5400+30:1800+30"]

1. d4 {[%emt 0:00:00]} Nf6 {[%emt 0:00:00]} 2. Nf3 {[%emt 0:00:00]} e6 {[%emt 0:00:11]} 3. Bf4 {[%emt 0:00:00]} d5 {[%emt 0:00:11]} 4. e3 {[%emt 0:00:05]} Bd6 {[%emt 0:00:02]} 5. c3 {[%emt 0:00:11]} O-O {[%emt 0:00:39]} 6. Nbd2 {[%emt 0:00:46]} c5 {[%emt 0:00:33]} 7. Bd3 {[%emt 0:01:46]} Nc6 {[%emt 0:00:26]} 8. Bg3 {[%emt 0:00:08]} h6 {[%emt 0:06:27]} 9. Qe2 {[%emt 0:01:22]} Re8 {[%emt 0:10:58]} 10. Ne5 {[%emt 0:02:59]} Qc7 {[%emt 0:02:58]} 11. Nxc6 {[%emt 0:06:10]} Bxg3 {[%emt 0:03:03]} 12. hxg3 {[%emt 0:00:27]} bxc6 {[%emt 0:00:03]} 13. dxc5 {[%emt 0:01:07]} e5 {[%emt 0:01:21]} 14. e4 {[%emt 0:02:40]} Qa5 {[%emt 0:05:07]} 15. b4 {[%emt 0:04:49]} Qa3 {[%emt 0:00:25]} 16. O-O {[%emt 0:03:45]} Qxc3 {[%emt 0:01:17]} 17. a3 {[%emt 0:01:00]} Bg4 {[%emt 0:00:38]} 18. f3 {[%emt 0:01:15]} Be6 {[%emt 0:10:46]} 19. Rfc1 {[%emt 0:00:52]} Qb2 {[%emt 0:00:29]} 20. exd5 {[%emt 0:15:26]} Qd4+ {[%emt 0:02:52]} 21. Kh2 {[%emt 0:02:17]} Bxd5 {[%emt 0:00:11]} 22. Rd1 {[%emt 0:02:26]} Kf8 {[%emt 0:05:54]} 23. Ne4 {[%emt 0:07:40]} Bb3 {[%emt 0:00:21]} 24. Ba6 {[%emt 0:02:54]} Bxd1 {[%emt 0:00:24]} 25. Rxd1 {[%emt 0:00:08]} Nxe4 {[%emt 0:00:12]} 26. Rxd4 {[%emt 0:00:16]} Nc3 {[%emt 0:00:04]} 27. Qd3 {[%emt 0:00:31]} exd4 {[%emt 0:00:03]} 28. Qxd4 {[%emt 0:00:06]} Nd5 {[%emt 0:00:49]} 29. Bb7 {[%emt 0:03:27]} Rad8 {[%emt 0:00:11]} 30. Bxc6 {[%emt 0:01:22]} Nf6 {[%emt 0:02:06]} 31. Qc3 {[%emt 0:00:32]} Re2 {[%emt 0:00:54]} 32. Bb5 {[%emt 0:00:50]} Rf2 {[%emt 0:00:09]} 33. c6 {[%emt 0:01:57]} Rdd2 {[%emt 0:00:06]} 34. c7 {[%emt 0:00:56]} 1-0

[Event "Lueneburger Schachfestival GM 2019"]
[Site "Lueneburg"]
[Date "2019.08.07"]
[Round "6.5"]
[White "Parvanyan, Ashot"]
[Black "Wachinger, Nikolas"]
[Result "1-0"]
[WhiteElo "2423"]
[BlackElo "2318"]
[Annotator "NA"]
[PlyCount "51"]
[EventDate "2019.08.02"]
[EventType "tourn"]
[EventCountry "GER"]
[SourceTitle "playchess.com"]
[Source "ChessBase"]
[SourceQuality "1"]
[TimeControl "40/5400+30:1800+30"]

1. e4 {[%emt 0:00:00]} c5 {[%emt 0:00:34]} 2. Nf3 {[%emt 0:00:03]} d6 {[%emt 0:00:20]} 3. d4 {[%emt 0:00:17]} Nf6 {[%emt 0:00:14]} 4. Nc3 {[%emt 0:00:06]} cxd4 {[%emt 0:00:06]} 5. Nxd4 {[%emt 0:00:07]} a6 {[%emt 0:00:16]} 6. Bd3 {[%emt 0:00:27]} Nc6 {[%emt 0:00:30]} 7. Nxc6 {[%emt 0:01:34]} bxc6 {[%emt 0:00:03]} 8. O-O {[%emt 0:00:38]} g6 {[%emt 0:02:03]} 9. Kh1 {[%emt 0:02:16]} Bg7 {[%emt 0:01:36]} 10. f4 {[%emt 0:00:49]} O-O {[%emt 0:02:08]} 11. f5 {[%emt 0:02:28]} Rb8 {[%emt 0:07:49]} 12. Qe1 {[%emt 0:02:38]} Nd7 {[%emt 0:04:08]} 13. Qh4 $11 {[%emt 0:16:27]} Ne5 {[%emt 0:11:07]} 14. Be2 {[%emt 0:05:12]} Re8 {[%emt 0:25:46]} 15. b3 {[%emt 0:07:08]} d5 {[%emt 0:09:02]} 16. Bb2 {[%emt 0:20:21]} gxf5 {[%emt 0:18:58]} 17. exf5 {[%emt 0:01:45]} Bf6 {[%emt 0:00:12]} 18. Qf4 {[%emt 0:06:33]} Qd6 {[%emt 0:03:15]} 19. a3 {[%emt 0:09:46]} Nd7 {[%emt 0:02:18]} 20. Qg4+ {[%emt 0:01:50]} Kh8 {[%emt 0:00:05]} 21. Rad1 {[%emt 0:03:41]} Qc5 {[%emt 0:04:35]} 22. b4 {[%emt 0:02:56]} Ne5 {[%emt 0:01:54]} 23. Qf4 {[%emt 0:03:11]} Qd6 {[%emt 0:00:24]} 24. Ne4 {[%emt 0:00:57]} Qc7 {[%emt 0:00:13]} 25. Ng5 {[%emt 0:00:34]} Rf8 {[%emt 0:00:42]} 26. Nf3 {[%emt 0:01:05]} 1-0

[Event "Lueneburger Schachfestival GM 2019"]
[Site "Lueneburg"]
[Date "2019.08.08"]
[Round "7.1"]
[White "Wachinger, Nikolas"]
[Black "Reuker, Jari"]
[Result "1-0"]
[WhiteElo "2318"]
[BlackElo "2403"]
[Annotator "NA"]
[PlyCount "57"]
[EventDate "2019.08.02"]
[EventType "tourn"]
[EventCountry "GER"]
[SourceTitle "playchess.com"]
[Source "ChessBase"]
[SourceQuality "1"]
[TimeControl "40/5400+30:1800+30"]

1. d4 {[%emt 0:00:48]} d5 {[%emt 0:05:16]} 2. c4 {[%emt 0:00:27]} e6 {[%emt 0:05:20]} 3. Nc3 {[%emt 0:00:24]} c6 {[%emt 0:00:23]} 4. e4 {[%emt 0:01:02]} dxe4 {[%emt 0:03:41]} 5. Nxe4 {[%emt 0:00:11]} Bb4+ {[%emt 0:00:55]} 6. Bd2 {[%emt 0:01:00]} Qxd4 {[%emt 0:02:26]} 7. Bxb4 {[%emt 0:00:07]} Qxe4+ {[%emt 0:00:03]} 8. Ne2 {[%emt 0:00:13]} Na6 {[%emt 0:07:38]} 9. Bf8 {[%emt 0:00:21]} Ne7 {[%emt 0:06:56]} 10. Bxg7 {[%emt 0:00:16]} Nb4 {[%emt 0:12:25]} 11. Bxh8 {[%emt 0:06:55]} e5 {[%emt 0:05:37]} 12. Qd6 {[%emt 0:30:32]} Nc2+ {[%emt 0:06:51]} 13. Kd2 {[%emt 0:12:39]} Bf5 {[%emt 0:05:59]} 14. Ng3 {[%emt 0:21:44]} Qf4+ {[%emt 0:00:18]} 15. Kc3 {[%emt 0:00:02]} Nxa1 {[%emt 0:07:19]} 16. Qd2 {[%emt 0:00:51]} Qh4 {[%emt 0:13:45]} 17. Be2 {[%emt 0:03:48]} Nd5+ {[%emt 0:06:54]} 18. cxd5 {[%emt 0:00:17]} cxd5 {[%emt 0:00:05]} 19. Bb5+ {[%emt 0:03:44]} Kf8 {[%emt 0:00:04]} 20. Rxa1 {[%emt 0:01:33]} Rc8+ {[%emt 0:03:32]} 21. Kb3 {[%emt 0:00:02]} Bc2+ {[%emt 0:00:34]} 22. Ka3 {[%emt 0:00:18]} Qe7+ {[%emt 0:03:58]} 23. Qb4 {[%emt 0:01:40]} Rc5 {[%emt 0:00:01]} 24. Bf6 {[%emt 0:00:18]} Qd6 {[%emt 0:01:19]} 25. Bxe5 {[%emt 0:00:13]} Qe7 {[%emt 0:00:22]} 26. Bf6 {[%emt 0:00:50]} Qd6 {[%emt 0:00:08]} 27. Re1 {[%emt 0:00:10]} Be4 {[%emt 0:00:36]} 28. Nxe4 {[%emt 0:00:19]} dxe4 {[%emt 0:00:16]} 29. Rxe4 {[%emt 0:00:08]} 1-0

[Event "Lueneburger Schachfestival GM 2019"]
[Site "Lueneburg"]
[Date "2019.08.08"]
[Round "7.2"]
[White "Korley, Kassa"]
[Black "Parvanyan, Ashot"]
[Result "0-1"]
[WhiteElo "2437"]
[BlackElo "2423"]
[Annotator "NA"]
[PlyCount "114"]
[EventDate "2019.08.02"]
[EventType "tourn"]
[EventCountry "GER"]
[SourceTitle "playchess.com"]
[Source "ChessBase"]
[SourceQuality "1"]
[TimeControl "40/5400+30:1800+30"]

1. d4 {[%emt 0:00:00]} Nf6 {[%emt 0:00:00]} 2. Nf3 {[%emt 0:00:00]} g6 {[%emt 0:00:09]} 3. g3 {[%emt 0:00:00]} Bg7 {[%emt 0:00:16]} 4. Bg2 {[%emt 0:00:00]} O-O {[%emt 0:00:09]} 5. O-O {[%emt 0:00:00]} d6 {[%emt 0:00:09]} 6. Re1 {[%emt 0:00:00]} Nc6 {[%emt 0:01:07]} 7. d5 {[%emt 0:03:45]} Nb8 {[%emt 0:00:19]} 8. c4 {[%emt 0:01:36]} e5 {[%emt 0:00:44]} 9. Nc3 {[%emt 0:00:21]} a5 {[%emt 0:02:23]} 10. e4 {[%emt 0:01:17]} Na6 {[%emt 0:02:52]} 11. Be3 {[%emt 0:04:16]} b6 {[%emt 0:09:45]} 12. Qc2 {[%emt 0:13:21]} Nc5 {[%emt 0:04:04]} 13. h3 {[%emt 0:01:44]} Bd7 {[%emt 0:02:11]} 14. a3 {[%emt 0:07:11]} a4 {[%emt 0:06:10]} 15. Bxc5 {[%emt 0:00:04]} bxc5 {[%emt 0:00:23]} 16. Reb1 {[%emt 0:00:02]} Qc8 {[%emt 0:11:25]} 17. Kh2 {[%emt 0:00:02]} Qa6 {[%emt 0:01:33]} 18. Bf1 {[%emt 0:00:07]} Bh6 {[%emt 0:12:26]} 19. b4 {[%emt 0:00:11]} axb3 {[%emt 0:00:14]} 20. Rxb3 {[%emt 0:00:27]} Nh5 {[%emt 0:00:47]} 21. Nh4 {[%emt 0:04:30]} Qc8 {[%emt 0:07:58]} 22. Rab1 {[%emt 0:01:09]} Qd8 {[%emt 0:01:41]} 23. Be2 {[%emt 0:03:15]} Ng7 {[%emt 0:02:24]} 24. a4 {[%emt 0:05:33]} f5 {[%emt 0:02:35]} 25. Bd3 {[%emt 0:03:21]} f4 {[%emt 0:03:53]} 26. Bf1 {[%emt 0:01:55]} Nh5 {[%emt 0:16:04]} 27. Ng2 {[%emt 0:00:11]} fxg3+ {[%emt 0:02:32]} 28. fxg3 {[%emt 0:00:01]} Nxg3 {[%emt 0:04:35]} 29. Kxg3 {[%emt 0:00:07]} Qg5+ {[%emt 0:00:27]} 30. Kh2 {[%emt 0:00:04]} Rf3 {[%emt 0:00:27]} 31. Ne2 {[%emt 0:01:51]} Bxa4 {[%emt 0:02:09]} 32. Rb8+ {[%emt 0:00:37]} Kg7 {[%emt 0:00:11]} 33. Qb2 {[%emt 0:03:02]} Rxb8 {[%emt 0:01:52]} 34. Qxb8 {[%emt 0:00:02]} Bd7 {[%emt 0:00:49]} 35. Qxc7 {[%emt 0:00:25]} Rxh3+ {[%emt 0:00:38]} 36. Kg1 {[%emt 0:00:01]} Qg4 {[%emt 0:00:12]} 37. Kf2 {[%emt 0:00:31]} Bd2 {[%emt 0:02:09]} 38. Ng1 {[%emt 0:04:32]} Be3+ {[%emt 0:00:46]} 39. Nxe3 {[%emt 0:03:46]} Qg3+ {[%emt 0:00:27]} 40. Ke2 {[%emt 0:00:04]} Qxe3+ {[%emt 0:00:17]} 41. Kd1 {[%emt 0:30:03]} Qd4+ {[%emt 0:13:08]} 42. Ke1 {[%emt 0:00:00]} Qxe4+ {[%emt 0:00:40]} 43. Kd2 {[%emt 0:00:00]} Rh2+ {[%emt 0:08:38]} 44. Be2 {[%emt 0:00:00]} Qxb1 {[%emt 0:04:00]} 45. Qxd7+ {[%emt 0:00:00]} Kh6 {[%emt 0:00:03]} 46. Qxd6 {[%emt 0:00:00]} Qb2+ {[%emt 0:00:55]} 47. Kd1 {[%emt 0:00:00]} Qd4+ {[%emt 0:01:30]} 48. Kc2 {[%emt 0:00:00]} Qxc4+ {[%emt 0:01:16]} 49. Kd1 {[%emt 0:00:00]} Qd4+ {[%emt 0:04:33]} 50. Kc2 {[%emt 0:00:00]} Rf2 {[%emt 0:00:26]} 51. Qe7 {[%emt 0:00:00]} c4 {[%emt 0:00:21]} 52. d6 {[%emt 0:00:00]} Qd3+ {[%emt 0:00:43]} 53. Kc1 {[%emt 0:00:00]} Qa3+ {[%emt 0:00:32]} 54. Kd2 {[%emt 0:00:00]} Qb4+ {[%emt 0:00:30]} 55. Kc2 {[%emt 0:00:00]} c3 {[%emt 0:00:18]} 56. Qxe5 {[%emt 0:00:00]} Qb2+ {[%emt 0:00:36]} 57. Kd3 {[%emt 0:00:00]} Qd2+ {[%emt 0:00:14]} 0-1

[Event "Lueneburger Schachfestival GM 2019"]
[Site "Lueneburg"]
[Date "2019.08.08"]
[Round "7.3"]
[White "Polster, Christian"]
[Black "Pajeken, Jakob Leon"]
[Result "1/2-1/2"]
[WhiteElo "2254"]
[BlackElo "2314"]
[Annotator "NA"]
[PlyCount "52"]
[EventDate "2019.08.02"]
[EventType "tourn"]
[EventCountry "GER"]
[SourceTitle "playchess.com"]
[Source "ChessBase"]
[SourceQuality "1"]
[TimeControl "40/5400+30:1800+30"]

1. d4 {[%emt 0:00:00]} d5 {[%emt 0:00:00]} 2. c4 {[%emt 0:00:00]} dxc4 {[%emt 0:00:00]} 3. e3 {[%emt 0:02:46]} Nf6 {[%emt 0:00:00]} 4. Bxc4 {[%emt 0:00:12]} e6 {[%emt 0:00:04]} 5. Nf3 {[%emt 0:00:40]} a6 {[%emt 0:00:18]} 6. a4 {[%emt 0:01:20]} c5 {[%emt 0:00:17]} 7. O-O {[%emt 0:01:05]} Nc6 {[%emt 0:00:06]} 8. Nc3 {[%emt 0:04:22]} Be7 {[%emt 0:00:20]} 9. Qe2 {[%emt 0:18:39]} Qc7 {[%emt 0:00:12]} 10. Rd1 {[%emt 0:03:00]} O-O {[%emt 0:00:18]} 11. e4 {[%emt 0:11:16]} Ng4 {[%emt 0:00:16]} 12. e5 {[%emt 0:14:19]} cxd4 {[%emt 0:01:30]} 13. Nxd4 {[%emt 0:01:09]} Ngxe5 {[%emt 0:07:52]} 14. Bf4 {[%emt 0:02:34]} Qa5 {[%emt 0:07:16]} 15. Nxc6 {[%emt 0:06:31]} Nxc6 {[%emt 0:00:09]} 16. Ne4 {[%emt 0:02:37]} Qf5 {[%emt 0:02:43]} 17. Bd6 {[%emt 0:07:09]} Bxd6 {[%emt 0:01:29]} 18. Nxd6 {[%emt 0:00:02]} Qf6 {[%emt 0:00:22]} 19. Rac1 {[%emt 0:04:49]} e5 {[%emt 0:01:49]} 20. Bd5 {[%emt 0:05:51]} Nd4 {[%emt 0:05:30]} 21. Rxd4 {[%emt 0:00:33]} exd4 {[%emt 0:00:07]} 22. Nxf7 {[%emt 0:00:55]} d3 {[%emt 0:00:46]} 23. Qe5 {[%emt 0:07:09]} h6 {[%emt 0:11:40]} 24. Qxf6 {[%emt 0:00:39]} gxf6 {[%emt 0:00:09]} 25. Ne5+ {[%emt 0:00:50]} Kh8 {[%emt 0:00:34]} 26. Ng6+ {[%emt 0:01:17]} Kg7 {[%emt 0:00:24]} 1/2-1/2

[Event "Lueneburger Schachfestival GM 2019"]
[Site "Lueneburg"]
[Date "2019.08.08"]
[Round "7.4"]
[White "Vorobiov, Evgeny E."]
[Black "Sriram, Jha"]
[Result "1-0"]
[WhiteElo "2578"]
[BlackElo "2381"]
[Annotator "ChessBase"]
[PlyCount "63"]
[EventDate "2019.08.02"]
[EventType "tourn"]
[EventCountry "GER"]
[SourceTitle "playchess.com"]
[Source "ChessBase"]
[SourceQuality "1"]
[TimeControl "40/5400+30:1800+30"]

1. d4 {[%emt 0:00:00]} d5 {[%emt 0:00:00]} 2. c4 {[%emt 0:00:00]} c6 {[%emt 0:00:00]} 3. Nf3 {[%emt 0:00:00]} Nf6 {[%emt 0:00:00]} 4. e3 {[%emt 0:00:00]} Bf5 {[%emt 0:00:00]} 5. Nc3 {[%emt 0:00:00]} e6 {[%emt 0:00:00]} 6. Nh4 {[%emt 0:00:00]} Be4 {[%emt 0:00:00]} 7. f3 {[%emt 0:00:05]} Bg6 {[%emt 0:00:00]} 8. Qb3 {[%emt 0:00:08]} Qc7 {[%emt 0:00:00]} 9. Bd2 {[%emt 0:00:13]} Be7 {[%emt 0:00:00]} 10. cxd5 {[%emt 0:00:22]} cxd5 {[%emt 0:01:45]} 11. Nxg6 {[%emt 0:00:14]} hxg6 {[%emt 0:00:02]} 12. O-O-O {[%emt 0:00:07]} Nc6 {[%emt 0:00:22]} 13. Kb1 {[%emt 0:00:06]} O-O {[%emt 0:02:04]} 14. Rc1 {[%emt 0:00:29]} a6 {[%emt 0:13:26]} 15. Qd1 {[%emt 0:03:16]} b5 {[%emt 0:03:44]} 16. g4 {[%emt 0:00:23]} Qd7 {[%emt 0:11:00]} 17. h4 {[%emt 0:01:56]} e5 {[%emt 0:00:36]} 18. Bd3 {[%emt 0:14:45]} Rab8 {[%emt 0:21:49]} 19. g5 {[%emt 0:16:37]} Nh5 {[%emt 0:01:10]} 20. Nxd5 {[%emt 0:01:33]} Qxd5 {[%emt 0:05:36]} 21. Be4 {[%emt 0:01:14]} Qd8 {[%emt 0:00:01]} 22. Rxc6 {[%emt 0:02:00]} exd4 {[%emt 0:10:53]} 23. exd4 {[%emt 0:02:48]} Qxd4 {[%emt 0:00:16]} 24. Ba5 {[%emt 0:01:24]} Qe3 {[%emt 0:08:09]} 25. Rc3 {[%emt 0:05:59]} Qf2 {[%emt 0:00:51]} 26. Rc2 {[%emt 0:00:09]} Qe3 {[%emt 0:00:19]} 27. Re1 {[%emt 0:00:50]} Qf4 {[%emt 0:02:11]} 28. Bc7 {[%emt 0:00:41]} Qxh4 {[%emt 0:00:11]} 29. Bxb8 {[%emt 0:02:10]} Rd8 {[%emt 0:06:34]} 30. Rd2 {[%emt 0:05:24]} Rxb8 {[%emt 0:00:29]} 31. Bxg6 {[%emt 0:00:45]} Bxg5 {[%emt 0:03:02]} 32. Rd8+ {[%emt 0:00:33]} 1-0

[Event "Lueneburger Schachfestival GM 2019"]
[Site "Lueneburg"]
[Date "2019.08.08"]
[Round "7.5"]
[White "Koellner, Ruben Gideon"]
[Black "Ovsejevitsch, Sergei"]
[Result "0-1"]
[WhiteElo "2315"]
[BlackElo "2590"]
[Annotator "ChessBase"]
[PlyCount "86"]
[EventDate "2019.08.02"]
[EventType "tourn"]
[EventCountry "GER"]
[SourceTitle "playchess.com"]
[Source "ChessBase"]
[SourceQuality "1"]
[TimeControl "40/5400+30:1800+30"]

1. d4 {[%emt 0:00:00]} Nf6 {[%emt 0:00:00]} 2. Nf3 {[%emt 0:00:00]} d5 {[%emt 0:01:14]} 3. e3 {[%emt 0:00:04]} c5 {[%emt 0:01:15]} 4. b3 {[%emt 0:00:54]} cxd4 {[%emt 0:01:07]} 5. exd4 {[%emt 0:00:08]} Nc6 {[%emt 0:00:13]} 6. Bd3 {[%emt 0:03:26]} Bg4 {[%emt 0:03:12]} 7. Bb2 {[%emt 0:00:26]} e6 {[%emt 0:04:26]} 8. a3 {[%emt 0:01:36]} Bd6 {[%emt 0:00:36]} 9. O-O {[%emt 0:00:30]} O-O {[%emt 0:00:14]} 10. Nbd2 {[%emt 0:00:05]} Qc7 {[%emt 0:01:06]} 11. Qe1 {[%emt 0:04:23]} Rfe8 {[%emt 0:09:45]} 12. Ne5 {[%emt 0:00:59]} Bf5 {[%emt 0:00:08]} 13. f4 {[%emt 0:05:04]} Qb6 {[%emt 0:03:40]} 14. Qf2 {[%emt 0:04:44]} Nxe5 {[%emt 0:07:50]} 15. fxe5 {[%emt 0:02:48]} Ng4 {[%emt 0:00:27]} 16. Qe2 {[%emt 0:06:51]} Bxe5 {[%emt 0:03:47]} 17. Nf3 {[%emt 0:01:04]} Bd6 {[%emt 0:04:58]} 18. Bxf5 {[%emt 0:04:16]} exf5 {[%emt 0:00:30]} 19. Qd3 {[%emt 0:00:04]} g6 {[%emt 0:03:16]} 20. Rae1 {[%emt 0:04:40]} Re4 {[%emt 0:01:21]} 21. h3 {[%emt 0:01:39]} Nf6 {[%emt 0:00:24]} 22. Nd2 {[%emt 0:00:35]} Rxe1 {[%emt 0:00:40]} 23. Rxe1 {[%emt 0:00:02]} Ne4 {[%emt 0:00:17]} 24. Nf3 {[%emt 0:02:32]} Rc8 {[%emt 0:06:30]} 25. Re2 {[%emt 0:00:33]} Qc7 {[%emt 0:02:30]} 26. Qb5 {[%emt 0:03:09]} Qc6 {[%emt 0:00:59]} 27. Qa5 {[%emt 0:01:09]} a6 {[%emt 0:03:04]} 28. Ne5 {[%emt 0:03:17]} Qb5 {[%emt 0:00:47]} 29. Qe1 {[%emt 0:01:00]} Qb6 {[%emt 0:02:22]} 30. Nf3 {[%emt 0:00:55]} Qc7 {[%emt 0:00:31]} 31. a4 {[%emt 0:01:01]} b5 {[%emt 0:05:05]} 32. axb5 {[%emt 0:01:29]} axb5 {[%emt 0:00:06]} 33. g4 {[%emt 0:02:52]} fxg4 {[%emt 0:02:48]} 34. hxg4 {[%emt 0:00:07]} Bg3 {[%emt 0:04:47]} 35. Qf1 {[%emt 0:01:18]} Qf4 {[%emt 0:00:46]} 36. Rg2 {[%emt 0:01:28]} Qe3+ {[%emt 0:01:09]} 37. Kh1 {[%emt 0:00:19]} Nf2+ {[%emt 0:00:43]} 38. Kg1 {[%emt 0:00:19]} Nxg4+ {[%emt 0:01:48]} 39. Kh1 {[%emt 0:00:05]} Nf2+ {[%emt 0:00:16]} 40. Kg1 {[%emt 0:00:05]} Qxf3 {[%emt 0:00:33]} 41. Bc1 {[%emt 0:30:05]} Nh3+ {[%emt 0:30:24]} 42. Kh1 {[%emt 0:00:01]} Qxf1+ {[%emt 0:00:11]} 43. Rg1 {[%emt 0:00:03]} Qxg1# {[%emt 0:00:11]} 0-1

[Event "Lueneburger Schachfestival GM 2019"]
[Site "Lueneburg"]
[Date "2019.08.09"]
[Round "8.1"]
[White "Reuker, Jari"]
[Black "Ovsejevitsch, Sergei"]
[Result "0-1"]
[WhiteElo "2403"]
[BlackElo "2590"]
[Annotator "TA"]
[PlyCount "70"]
[EventDate "2019.08.02"]
[EventType "tourn"]
[EventCountry "GER"]
[SourceTitle "playchess.com"]
[Source "ChessBase"]
[SourceQuality "1"]

{[%evp 14,69,14,-1,18,10,33,36,44,41,36,41,24,18,21,27,35,27,14,24,24,-186,-186,-189,-175,-162,-184,-231,-233,-429,-415,-728,-720,-674,-683,-1158,-862,-869,-869,-848,-862,-861,-840,-1352,-1324,-1254,-1143,-1370,-1370,-1232,-914,-6491,-6231,-5273,-2310,-29998,-29999,-29999]} 1. Nf3 Nf6 2. c4 e6 3. g3 b6 4. Bg2 Bb7 5. O-O Be7 6. b3 O-O 7. Bb2 d5 8. e3 Re8 {A14: English Opening: 1...e6 with b3 by White} (8... c5 9. Nc3 dxc4 10. bxc4 Nc6 11. Qe2 Rc8 12. Rfd1 Qc7 13. Ne1 Rfd8 14. f4 a6 15. g4 Ne8 16. Rab1 Nd6 17. Ba1 Na5 18. d3 Bc6 19. Qb2 Bf6 20. g5 Bxc3 21. Qxc3 {1-0 (52) Mamedov,R (2703)-Kovalev,V (2683) St Petersburg 2018}) 9. Nc3 Bf8 10. Ne5 $146 ({Predecessor:} 10. Rc1 c5 11. cxd5 exd5 12. d4 Na6 13. Qc2 Qe7 14. Qb1 Rad8 15. Rfe1 Ne4 16. dxc5 bxc5 {0-1 (41) Baerwinkel,T (2360)-Ovsejevitsch,S (2562) Germany 2014}) 10... c5 {White is slightly better.} 11. d4 Nc6 12. Nxc6 Bxc6 13. dxc5 bxc5 14. cxd5 exd5 15. Qd3 Qd7 16. Rfd1 {[%cal Rc3d5]} Rad8 17. Rd2 $2 (17. Rac1 $11) 17... d4 $19 18. exd4 Bxg2 19. Kxg2 cxd4 20. Ne2 Ne4 21. Rdd1 $2 {[#]} (21. Rad1) 21... Qh3+ $1 {[%mdl 512]} 22. Kg1 {[#]} (22. Kxh3 $142 Nxf2+ {[%mdl 64] Double Attack} 23. Kg2 Nxd3 24. Bxd4 Rxe2+ 25. Kf3) 22... Nxf2 $1 {[%mdl 576] Deflection} 23. Kxf2 Qxh2+ 24. Kf3 {Black must now prevent Rh1.} Re3+ 25. Qxe3 dxe3 26. Rxd8 Qf2+ 27. Ke4 Qxe2 28. Bd4 {[#]} f5+ $1 {[%mdl 512]} 29. Ke5 (29. Kxf5 Qf3+) 29... Qf3 {[%csl Gf5][%cal Rf3e4]} 30. Ke6 Qc6+ 31. Kxf5 Qf3+ {[%mdl 64] Double Attack} 32. Kg5 Qxg3+ 33. Kf5 Qf3+ 34. Kg5 h6+ 35. Kh4 g5# {Accuracy: White = 42%, Black = 74%.} 0-1

[Event "Lueneburger Schachfestival GM 2019"]
[Site "Lueneburg"]
[Date "2019.08.09"]
[Round "8.2"]
[White "Sriram, Jha"]
[Black "Koellner, Ruben Gideon"]
[Result "1/2-1/2"]
[WhiteElo "2381"]
[BlackElo "2315"]
[Annotator "TA"]
[PlyCount "69"]
[EventDate "2019.08.02"]
[EventType "tourn"]
[EventCountry "GER"]
[SourceTitle "playchess.com"]
[Source "ChessBase"]
[SourceQuality "1"]

{[%evp 16,69,37,31,48,49,57,45,84,67,67,30,22,12,43,44,41,12,33,33,35,33,62,58,51,33,31,34,44,33,17,19,47,0,33,16,20,28,41,0,0,0,0,0,0,0,0,0,2,0,0,0,0,0,0,0]} 1. d4 Nf6 2. c4 d6 3. g3 g6 4. Bg2 Bg7 5. Nf3 O-O 6. O-O Nbd7 7. Qc2 e5 8. Rd1 Re8 9. Nc3 h6 {E67: King's Indian: Fianchetto: 6...Nbd7} (9... Qe7 10. b3 c6 11. e4 exd4 12. Nxd4 h5 13. Bg5 Nf8 14. Qd2 N8h7 15. Bh6 Bg4 16. Re1 Bh8 17. h3 Bd7 18. Rad1 Rad8 19. Nf5 Bxf5 20. exf5 {0-1 (43) Mamedyarov,S (2817)-Ganguly,S (2615) Kolkata 2018}) 10. e4 Qe7 11. b3 b6 $146 {White is slightly better.} ({Predecessor:} 11... exd4 12. Nxd4 Nc5 13. Bb2 a5 14. a3 c6 15. Re1 Qc7 16. h3 h5 17. Rad1 h4 18. g4 Ne6 {1-0 (77) Harutjunyan,G (2366)-Hovhannisyan,R (2233) Yerevan 2004}) 12. dxe5 dxe5 13. Bb2 c6 14. Rd2 Nf8 15. Nd1 Qc7 16. Ne3 Ng4 17. Nf1 Nf6 18. Ba3 N6d7 19. Bd6 Qb7 20. Qb2 Ne6 21. Rad1 Nec5 22. Qc2 a5 23. Ne3 h5 24. Ne1 Bf8 25. Qc3 Bxd6 26. Rxd6 Qc7 27. R6d2 Nf8 {The position is equal.} 28. Nd3 Nxd3 29. Qxd3 Ne6 30. Qd6 Qxd6 31. Rxd6 Bb7 32. Rd7 Bc8 33. R7d6 Bb7 34. Rd7 Bc8 35. R7d6 {Accuracy: White = 61%, Black = 60%.} 1/2-1/2

[Event "Lueneburger Schachfestival GM 2019"]
[Site "Lueneburg"]
[Date "2019.08.09"]
[Round "8.3"]
[White "Pajeken, Jakob Leon"]
[Black "Vorobiov, Evgeny E."]
[Result "1/2-1/2"]
[WhiteElo "2314"]
[BlackElo "2578"]
[Annotator "TA"]
[PlyCount "103"]
[EventDate "2019.08.02"]
[EventType "tourn"]
[EventCountry "GER"]
[SourceTitle "playchess.com"]
[Source "ChessBase"]
[SourceQuality "1"]

{[%evp 11,103,8,48,20,26,5,5,8,2,4,14,-5,-11,-12,-10,-18,-12,-25,-18,-39,-39,-85,-33,-31,-35,-43,-34,-42,-40,-40,-35,-37,-40,-65,-31,-45,-51,-50,-29,-55,-42,-42,-40,-39,-19,-29,-20,-21,-1,-15,-10,-13,0,0,0,0,0,0,0,0,0,0,0,0,0,0,0,0,0,0,0,-7,-8,-29,-33,-33,0,0,0,0,0,0,0,0,0,0,0,0,0,0,0,0,0,0]} 1. d4 Nf6 2. Nf3 e6 3. e3 c5 4. Bd3 Nc6 5. O-O d5 6. b3 Qc7 7. a3 {D05: Colle System with ...e6} Bd6 8. Bb2 e5 9. dxe5 Nxe5 10. Bb5+ Ke7 11. Nxe5 $146 ({Predecessor:} 11. Nbd2 Rd8 12. Nxe5 Bxe5 13. Bxe5 {0-1 (53) Kempinski,R (2637)-Fridman,D (2642) Germany 2015}) 11... Bxe5 12. Bxe5 Qxe5 13. Nd2 Rd8 {Hoping for ...c4!} 14. Nf3 Qc3 15. Qd3 Ne4 {...Qf6 is the strong threat.} 16. Rfe1 Bg4 (16... Qf6 $17 {aiming for ...a6.} 17. Qf1 h5) 17. Qxc3 Nxc3 18. Ne5 Be6 19. Bd3 Rac8 20. Nf3 h6 21. h3 g5 22. Kh2 f6 23. g3 Kf7 24. Kg2 Bd7 25. g4 Rh8 26. Nd2 h5 27. f3 Rce8 28. Nb1 Nxb1 29. Raxb1 b6 30. Rbd1 Be6 31. c4 hxg4 32. hxg4 dxc4 33. Bxc4 Rd8 34. a4 Ke7 35. Kg3 a6 36. f4 b5 37. axb5 axb5 38. Bxe6 Kxe6 $11 {[%mdl 4096] Endgame KRR-KRR} 39. Rc1 Rd5 40. Re2 Ra8 41. Rec2 Kd6 {next ...Ra3 is good for Black.} 42. Kf2 gxf4 43. exf4 Ra3 44. Rc3 {The position is equal.} Ra2+ 45. Kf3 Rh2 46. Kg3 Rhd2 47. Re3 R2d3 (47... R5d3 {keeps more tension.} 48. Kf3 Kd5 49. g5 Rxe3+ 50. Kxe3 Rb2) 48. Kf3 R5d4 49. Ra1 Rxe3+ 50. Kxe3 Rb4 51. Rd1+ Ke6 52. Rd3 {Accuracy: White = 64%, Black = 56%.} 1/2-1/2